Návrh nadradeného HMI monitorovacieho systému s viacerými priemyselnými robotmi

Enregistré dans:
Détails bibliographiques
Auteur principal: Štefák, Róbert (Auteur)
Autres auteurs: Körösi, Ladislav (Directeur de thèse)
Format: Manuscrit Livre
Langue:slovaque
Publié: Bratislava : STU v Bratislave FEI, 2022
Sujets:
Accès en ligne:https://opac.crzp.sk/?fn=detailBiblioForm&sid=D9F0BB0A8DA992698DA791D31B33&seo=CRZP-detail-kniha
Tags: Ajouter un tag
Pas de tags, Soyez le premier à ajouter un tag!

MARC

LEADER 00000ntm a22000003a 4500
001 stuzp87715
003 SK-STU
005 20221005114631.3
007 ta
008 150427s2015----xo-----f-mn---000-0-slo-d
040 |a STU  |b slo 
041 0 |a slo 
044 |a xo 
100 1 |a Štefák, Róbert  |u 031000  |4 aut  |U FEI Fakulta elektrotechniky a informatiky  |T FEI Ústav robotiky a kybernetiky  |X 92635  |U E011  |Y 356  |7 92635 
242 0 1 |a Design of HMI Monitoring System with Several Industrial Robots  |y eng 
245 1 0 |a Návrh nadradeného HMI monitorovacieho systému s viacerými priemyselnými robotmi 
260 |a Bratislava :  |b STU v Bratislave FEI,  |c 2022 
300 |a 80 s., príl. 
650 4 |a HMI  |2 slo 
650 4 |a PLC  |2 slo 
650 4 |a Priemyselný robot  |2 slo 
650 4 |a HMI  |2 eng 
650 4 |a PLC  |2 eng 
650 4 |a Industrial robot  |2 eng 
700 1 |a Körösi, Ladislav  |u 031000  |k Z1  |4 ths  |U FEI Fakulta elektrotechniky a informatiky  |T FEI Ústav robotiky a kybernetiky  |X 4960  |U E011  |Y 356  |7 A000004960 
856 4 |u https://opac.crzp.sk/?fn=detailBiblioForm&sid=D9F0BB0A8DA992698DA791D31B33&seo=CRZP-detail-kniha